| 000 | 00661nam a2200229Ia 4500 | ||
|---|---|---|---|
| 003 | OSt | ||
| 005 | 20220926013837.0 | ||
| 006 | a|||||r|||| 00| 0 | ||
| 007 | ta | ||
| 008 | 220923b |||||||| |||| 00| 0 eng d | ||
| 037 | _cGeneral Book | ||
| 040 |
_aRTL _cRTL _beng |
||
| 041 |
_2eng _aeng |
||
| 082 | _aU475.73.N6, L3/TD | ||
| 100 |
_aAlbaum Melvin _9319156 |
||
| 245 | 0 |
_aGeography and contemporary issues _b Studies of rel |
|
| 260 |
_aNew York _bJohn Wiley U S A _c1973 |
||
| 300 |
_axiv,590p _ccm. |
||
| 650 |
_aHuman Geography _91464 |
||
| 942 |
_hU475.73.N6, L3/TD _cGB _2CC |
||
| 999 |
_c627021 _d627021 |
||